Management / (Record no. 551)

MARC details
000 -LEADER
fixed length control field 02219cam a22003617i 4500
001 - CONTROL NUMBER
control field 18319492
003 - CONTROL NUMBER IDENTIFIER
control field OSt
005 - DATE AND TIME OF LATEST TRANSACTION
control field 20250420134815.0
008 - FIXED-LENGTH DATA ELEMENTS--GENERAL INFORMATION
fixed length control field 140929s2016 nyua b 001 0 eng d
010 ## - LIBRARY OF CONGRESS CONTROL NUMBER
LC control number 2014952745
020 ## - INTERNATIONAL STANDARD BOOK NUMBER
International Standard Book Number 9780077862596 (student edition)
035 ## - SYSTEM CONTROL NUMBER
System control number (OCoLC)ocn911190865
040 ## - CATALOGING SOURCE
Original cataloging agency YDXCP
Language of cataloging eng
Transcribing agency KCST
050 00 - LIBRARY OF CONGRESS CALL NUMBER
Classification number HD31
Item number .B3694852 2016
082 00 - DEWEY DECIMAL CLASSIFICATION NUMBER
Classification number 658
Edition information 23
Item number Ba Ma
100 1# - MAIN ENTRY--PERSONAL NAME
Personal name Bateman, Thomas S.,
Relator term author.
9 (RLIN) 4899
245 10 - TITLE STATEMENT
Title Management /
Statement of responsibility, etc. Thomas S. Bateman, McIntire School of Commerce, University of Virginia, Scott A. Snell, Darden Graduate School of Business, University of Virginia, Rob Konopaske, McCoy College of Business, Texas State University.
250 ## - EDITION STATEMENT
Edition statement 4th edition.
260 ## - PUBLICATION, DISTRIBUTION, ETC.
Place of publication, distribution, etc. New York, NY. :
Name of publisher, distributor, etc. McGraw-Hill/Irwin,
Date of publication, distribution, etc. 2016.
300 ## - PHYSICAL DESCRIPTION
Extent xvi, 416 pages :
Other physical details color illustrations ;
Dimensions 28 cm
338 ## - CARRIER TYPE
Carrier type term volume
Carrier type code nc
Source rdacarrier
504 ## - BIBLIOGRAPHY, ETC. NOTE
Bibliography, etc. note Includes bibliographical references (pages 363-403) and index.
505 0# - FORMATTED CONTENTS NOTE
Formatted contents note pt. 1. Introduction -- Managing effectively in a global world -- The evolution of management -- The organizational environment and culture -- pt. 2. Planning -- Ethics and corporate responsibility -- Planning and decision making -- Entrepreneurship -- pt. 3. Organizing -- Organizing for success -- Managing human resources -- Managing diversity and inclusion -- pt. 4. Leading -- Leadership -- Motivating people -- Teamwork -- Communicating -- pt. 5. Controlling -- Managerial control -- Innovating and changing.
520 ## - SUMMARY, ETC.
Summary, etc. Management is the fastest growing Principles of Management textbook on the market. Written from the ground up to be brief, lean, and flexible enough to enable you to cover just the topics you want at the level of depth you want, while still maintaining the integrity of the content.
650 #0 - SUBJECT ADDED ENTRY--TOPICAL TERM
Topical term or geographic name entry element Management.
9 (RLIN) 378
650 #7 - SUBJECT ADDED ENTRY--TOPICAL TERM
Topical term or geographic name entry element Management.
Source of heading or term fast
Authority record control number or standard number (OCoLC)fst01007141
9 (RLIN) 378
700 1# - ADDED ENTRY--PERSONAL NAME
Personal name Snell, Scott,
Dates associated with a name 1958-
Relator term author.
9 (RLIN) 4900
700 1# - ADDED ENTRY--PERSONAL NAME
Personal name Konopaske, Robert,
Relator term author.
9 (RLIN) 4901
856 42 - ELECTRONIC LOCATION AND ACCESS
Materials specified Publisher description
Uniform Resource Identifier <a href="https://www.loc.gov/catdir/enhancements/fy1610/2014952745-d.html">https://www.loc.gov/catdir/enhancements/fy1610/2014952745-d.html</a>
856 41 - ELECTRONIC LOCATION AND ACCESS
Materials specified Table of contents only
Uniform Resource Identifier <a href="https://www.loc.gov/catdir/enhancements/fy1610/2014952745-t.html">https://www.loc.gov/catdir/enhancements/fy1610/2014952745-t.html</a>
942 ## - ADDED ENTRY ELEMENTS (KOHA)
Koha item type Book
942 ## - ADDED ENTRY ELEMENTS (KOHA)
Source of classification or shelving scheme Dewey Decimal Classification
Holdings
Withdrawn status Lost status Source of classification or shelving scheme Damaged status Not for loan Home library Current library Date acquired Source of acquisition Cost, normal purchase price Total checkouts Full call number Barcode Date last seen Price effective from Koha item type
    Dewey Decimal Classification     KCST Library KCST Library 05/08/2020 Unknown 0.00   658 Ba Ma 1000000566 05/08/2020 05/08/2020 Book
© 2025 KCST. All rights reserved